00882cam a22002414a 4500999001700000001000900017005001700026008004100043010001700084020002200101050002000123245011500143250001200258260004600270300003400316504004100350650002900391700002000420700002200440700002400462942003300486952012100519 c19281d192811461538220170116083743.0061030s2008 caua b 000 0 eng  a 2006937607 a0495094749 (pbk.)00aHD58.7.C52 200800aClassic readings in organizational behavior /cJ. Steven Ott, Sandra J. Parkes, Richard B. Simpson, [editors]. a4th ed. aBelmont, CA :bThomson/Wadsworth,cc2008. axix, 476 p. :bill. ;c24 cm. aIncludes bibliographical references. 0aOrganizational behavior.1 aOtt, J. Steven.1 aParkes, Sandra J.1 aSimpson, Richard B. 2lcccBOOKShHD58.7 .C52 2008 00102lcc4070aMUCbMUCcTECHd2017-01-16eDonation(BFA)l0oHD58.7.C52 2008p29896r2018-06-08w2017-01-16yBOOKS